000 00547nam a2200181Ia 4500
003 GCL
008 140319s9999 xx 000 0 ara d
040 _aGCL /
_cGCL
082 0 4 _a811.4
_bف م
100 1 _aفايز علم الدين القيسى
245 1 0 _aمحمد بن عبدالملك الزيات /
_cفايز علم الدين القيسى
300 _a260 ص
490 _a
650 0 4 _aالشعر العربى
650 0 4 _aالادب العربى
650 0 4 _aالزيات , محمد بن عبدالملك
942 _2ddc
_cBK
999 _c44204
_d44204